000 00720nam a22001937a 4500
003 OSt
005 20240528100748.0
008 240523b ||||| |||| 00| 0 eng d
040 _cAIMIT LIBRARY
100 _aKamble, Ganaraj.
_9166972
245 _aStudy on customer satisfaction towards campco chocolates ltd in Mangalore /
_cBy Ganaraj Kamble ; Guided by Divya Pereira.
260 _aMangaluru ;
_c2022.
650 _aIndustry profile
_9168139
650 _aLiterature review and literature mapping
_9168140
650 _aData analysis and interpretation
_9168141
700 _aKamble, Ganaraj.
_eGuide
_9166972
856 _3Central Arecanut and coca marketing and processing co operative ltd.
942 _2ddc
_cPRO
999 _c230876
_d230876